000 00253nam a2200121 i 4500
001 bg
245 0 _aSystems Science VIII.
260 _aWrocław,
_c1983.
040 _cBPK
041 _apol
942 _cKS
008 s pl f |000 0 pol
999 _c22073
_d22073
856 _uhttp://koha.tu.koszalin.pl/cgi-bin/koha/opac-detail.pl?biblionumber=22073
_yKatalog online BPK